Changing Japanese business, economy and society : globalization of post-bubble Japan /

Bibliographic Details
Other Authors: Nakamura, Masao, Ph. D.
Format: Book
Language:English
Published: New York : Palgrave Macmillan, 2004.
Subjects:

MARC

Tag First Indicator Second Indicator Subfields
LEADER 00000cam a22000004a 4500
001 in00002016012
005 20151031160336.0
008 040226s2004 nyuab b 001 0 eng
010 |a  2004041582 
020 |a 1403941343 
035 |a (OCoLC)ocm54685365 
040 |a DLC  |c DLC  |d C#P  |d UtOrBLW 
042 |a pcc 
043 |a a-ja--- 
049 |a TXAM 
050 0 0 |a HD58.8  |b .C4626 2004 
082 0 0 |a 306.3/0952  |2 22 
245 0 0 |a Changing Japanese business, economy and society :  |b globalization of post-bubble Japan /  |c edited by Masao Nakamura. 
264 1 |a New York :  |b Palgrave Macmillan,  |c 2004. 
300 |a xv, 268 pages :  |b illustrations, maps ;  |c 23 cm. 
336 |a text  |b txt  |2 rdacontent 
337 |a unmediated  |b n  |2 rdamedia 
338 |a volume  |b nc  |2 rdacarrier 
504 |a Includes bibliographical references and index. 
650 0 |a Organizational change  |z Japan. 
650 0 |a Globalization. 
650 0 |a Social change  |z Japan. 
651 0 |a Japan  |x Economic conditions  |y 1989- 
700 1 |a Nakamura, Masao,  |c Ph. D. 
994 |a C0  |b TXA 
948 |a cataloged  |b h  |c 2005/6/23  |d c  |e bwalker  |f 11:16:45 am 
999 |a MARS 
999 f f |s 39c76fb7-2e6f-386c-bb12-7252e76ba89f  |i 0a2e35ce-e4f0-3594-b16b-9595974b26f4  |t 0 
952 f f |p ric  |a Texas A&M University  |b Rellis Campus  |c Joint Library Facility  |d Remote Storage  |t 0  |e HD58.8 .C4626 2004  |h Library of Congress classification  |i unmediated -- volume  |m A14833662650 
998 f f |a HD58.8 .C4626 2004  |t 0  |l Remote Storage